Clayton's Electrotherapy: Theory and Practice (Record no. 12610)
[ view plain ]
| 000 -LEADER | |
|---|---|
| fixed length control field | 00399nam a2200169Ia 4500 |
| 003 - CONTROL NUMBER IDENTIFIER | |
| control field | OSt |
| 005 - DATE AND TIME OF LATEST TRANSACTION | |
| control field | 20240321103905.0 |
| 008 - FIXED-LENGTH DATA ELEMENTS--GENERAL INFORMATION | |
| fixed length control field | 170523s9999 xx 000 0 und d |
| 020 ## - INTERNATIONAL STANDARD BOOK NUMBER | |
| International Standard Book Number | NA |
| 040 ## - CATALOGING SOURCE | |
| Transcribing agency | IIMT UNIVERSITY MEERUT |
| 100 ## - MAIN ENTRY--PERSONAL NAME | |
| Personal name | Forster & Palastanga |
| 245 #0 - TITLE STATEMENT | |
| Title | Clayton's Electrotherapy: Theory and Practice |
| 260 ## - PUBLICATION, DISTRIBUTION, ETC. | |
| Place of publication, distribution, etc. | CBS Pub |
| 260 ## - PUBLICATION, DISTRIBUTION, ETC. | |
| Date of publication, distribution, etc. | 2005 |
| 300 ## - PHYSICAL DESCRIPTION | |
| Extent | 233 |
| 942 ## - ADDED ENTRY ELEMENTS (KOHA) | |
| Source of classification or shelving scheme | |
| Koha item type | Book Bank |
| Withdrawn status | Lost status | Source of classification or shelving scheme | Damaged status | Not for loan | Home library | Current library | Date acquired | Total Checkouts | Total Renewals | Barcode | Date last seen | Date last checked out | Price effective from | Koha item type | Public note | Checked out |
|---|---|---|---|---|---|---|---|---|---|---|---|---|---|---|---|---|
| IIMT University Central Library Meerut | IIMT University Central Library Meerut | 05/30/2017 | 8 | 1 | 01-B-121464 | 06/30/2025 | 08/29/2024 | 05/30/2017 | Book Bank | nil | ||||||
| IIMT University Central Library Meerut | IIMT University Central Library Meerut | 05/30/2017 | 2 | 2 | 01-B-121465 | 10/01/2018 | 10/01/2018 | 05/30/2017 | Book Bank | nil | 08/07/2019 | |||||
| IIMT University Central Library Meerut | IIMT University Central Library Meerut | 05/30/2017 | 2 | 1 | 01-B-121466 | 08/24/2022 | 12/28/2021 | 05/30/2017 | Book Cost Paid | Receipt no. 159773, Date 24/01/2025, Amount paid Rs. 375/- | ||||||
| IIMT University Central Library Meerut | IIMT University Central Library Meerut | 05/30/2017 | 5 | 4 | 01-B-121467 | 10/11/2021 | 10/11/2021 | 05/30/2017 | Book Bank | nil | 08/31/2022 | |||||
| IIMT University Central Library Meerut | IIMT University Central Library Meerut | 05/30/2017 | 10 | 2 | 01-B-121468 | 08/20/2025 | 08/20/2025 | 05/30/2017 | Book Bank | nil | 08/15/2026 |

